00330nam a2200133Ia 4500008004100000020001500041041001200056082001600068100001700084245003900101260003200140300000800172650001600180221030s9999 xx 000 0 und d a8174091467 aEnglish a105.23bGre aB. S. Grewal 0aNumerical Methodscby B. S. Grewal bKhanna PubaNew Delhic2002 a687 aBE Computer